5HLuxD.jpg

KING HENRY VIII SENIOR AND PRIMARY SCHOOL LIBRARY OPAC

Genius Camp / (Record no. 3453)

000 -LEADER
fixed length control field 01158nam a2200313 i 4500
001 - CONTROL NUMBER
control field ocm21901653
003 - CONTROL NUMBER IDENTIFIER
control field OSt
005 - DATE AND TIME OF LATEST TRANSACTION
control field 20240120155614.0
008 - FIXED-LENGTH DATA ELEMENTS--GENERAL INFORMATION
fixed length control field 210211s2021 nyu j 000 1 eng
020 ## - INTERNATIONAL STANDARD BOOK NUMBER
International Standard Book Number 9780593301777
040 ## - CATALOGING SOURCE
Original cataloging agency DLC
Language of cataloging eng
Description conventions rda
Transcribing agency DLC
Modifying agency CaOL
-- KH8
082 ## - DEWEY DECIMAL CLASSIFICATION NUMBER
Classification number FIC GRA
100 1# - MAIN ENTRY--PERSONAL NAME
Personal name Grabenstein, Chris,
Relator term author.
245 10 - TITLE STATEMENT
Title Genius Camp /
Statement of responsibility, etc. Chris Grabenstein.
250 ## - EDITION STATEMENT
Edition statement First edition.
264 #1 - PRODUCTION, PUBLICATION, DISTRIBUTION, MANUFACTURE, AND COPYRIGHT NOTICE
Place of production, publication, distribution, manufacture New York :
Name of producer, publisher, distributor, manufacturer Random House,
Date of production, publication, distribution, manufacture, or copyright notice [2021]
300 ## - PHYSICAL DESCRIPTION
Extent 291 pages :
Other physical details illustrations.
336 ## - CONTENT TYPE
Content type term text
Content type code txt
Source rdacontent.
337 ## - MEDIA TYPE
Media type term unmediated
Media type code n
Source rdamedia.
338 ## - CARRIER TYPE
Carrier type term volume
Carrier type code nc
Source rdacarrier.
490 1# - SERIES STATEMENT
Series statement Smartest kid in the universe (Series) ;
Volume/sequential designation 2.
520 ## - SUMMARY, ETC.
Summary, etc. "Twelve-year-old Jake McQuade-the smartest kid in the universe-goes to a camp for geniuses, where he goes up against the Virtuoso quantum computer, the smartest machine in the universe"--
Assigning source Provided by publisher.
650 #0 - SUBJECT ADDED ENTRY--TOPICAL TERM
Topical term or geographic name entry element Genius
Form subdivision Juvenile fiction.
650 #0 - SUBJECT ADDED ENTRY--TOPICAL TERM
Topical term or geographic name entry element Camps
Form subdivision Juvenile fiction.
650 #0 - SUBJECT ADDED ENTRY--TOPICAL TERM
Topical term or geographic name entry element Computers
Form subdivision Juvenile fiction.
650 #0 - SUBJECT ADDED ENTRY--TOPICAL TERM
Topical term or geographic name entry element Humorous fiction.
Source of heading or term genre.
830 #0 - SERIES ADDED ENTRY--UNIFORM TITLE
Uniform title Smartest kid in the universe (Series) ;
Volume/sequential designation 2.
942 ## - ADDED ENTRY ELEMENTS (KOHA)
Source of classification or shelving scheme
Koha item type Books - Fiction
Holdings
Withdrawn status Lost status Source of classification or shelving scheme Damaged status Not for loan Collection code Permanent Location Current Location Shelving location Date acquired Total Checkouts Total Renewals Full call number Barcode Date last seen Date last checked out Price effective from Koha item type
          Fiction KH8 Primary School Library KH8 Primary School Library Fiction 2024-01-20 5 1 FIC GRA KHPL000004399 2025-12-05 2025-05-21 2024-01-20 Books - Fiction

Powered By KH8 IT Dept